000 00754nam a2200253 a 4500
001 000043602
005 20240513201350.0
008 110923s1985 dr a 000 0 spa d
020 _a8449925487
040 _aDO-SdBNP
_bspa
_cBNPHU
082 _a301
_bC334h, 1985
100 1 _aCasado M., Lucio
_936878
245 1 0 _aHombre y sociedad /
_cLucio Casado M.
250 _a3a ed.
260 _aSanto Domingo :
_bCENAPEC,
_c1985.
300 _a328 p. :
_bils. ;
_c22 cm.
504 _aBibliografía : p. 327-328
590 _aInventariado, 2018/VM
650 0 _aCambio social
_91661
650 4 _aSociología educativa
_953721
650 0 _aClases sociales
_91062
650 4 _aAntropología social
_92424
910 _aValidado. Control de calidad MFF
999 _c43091
_d43091